书目信息 |
| 题名: |
力与美融合的体育人生
|
|
| 作者: | 赵鑫, , 黄岩 , 杨春辉 编著 | |
| 分册: | ||
| 出版信息: | 长春 吉林人民出版社 2021.08 |
|
| 页数: | 202页 | |
| 开本: | 23cm | |
| 丛书名: | 体育五千年 | |
| 单 册: | ||
| 中图分类: | G803-49 | |
| 科图分类: | ||
| 主题词: | 体育伦理学--ti yu lun li xue--普及读物 | |
| 电子资源: | ||
| ISBN: | 978-7-206-09181-0 | |
| 000 | 01021nam 2200289 450 | |
| 001 | 012001001516 | |
| 005 | 20140201152650.0 | |
| 010 | @a978-7-206-09181-0@dCNY45.00 | |
| 099 | @aCAL 012014064178 | |
| 100 | @a20220905d2012 em y0chiy50 ea | |
| 101 | 0 | @achi |
| 102 | @aCN@b220000 | |
| 105 | @ay z 000yy | |
| 106 | @ar | |
| 200 | 1 | @a力与美融合的体育人生@Ali yu mei rong he de ti yu ren sheng@f赵鑫, 黄岩, 杨春辉编著 |
| 210 | @a长春@c吉林人民出版社@d2021.08 | |
| 215 | @a202页@d23cm | |
| 225 | 2 | @a体育五千年@Ati yu wu qian nian |
| 330 | @a本书内容包括: 《健身与养生的瑰宝》、《身心愉悦的妙法——瑜珈》、《远古的运动处方》、《华佗与五禽戏》、《世界第一部养生学》、《开养生先河的鼻祖》等。 | |
| 410 | 0 | @12001 @a体育五千年 |
| 606 | 0 | @a体育伦理学@Ati yu lun li xue@j普及读物 |
| 690 | @aG803-49@v5 | |
| 701 | 0 | @a赵鑫,@Azhao xin@f1982-@4编著 |
| 701 | 0 | @a黄岩@Ahuang yan@4编著 |
| 701 | 0 | @a杨春辉@Ayang chun hui@c(科普)@4编著 |
| 801 | 0 | @aCN@bAHXH@c20221111 |
| 905 | @b1366425-9@dG803-49@e2027@f5 | |
| 力与美融合的体育人生/赵鑫, 黄岩, 杨春辉编著.-长春:吉林人民出版社,2021.08 |
| 202页;23cm.-(体育五千年) |
| ISBN 978-7-206-09181-0:CNY45.00 |
| 本书内容包括: 《健身与养生的瑰宝》、《身心愉悦的妙法——瑜珈》、《远古的运动处方》、《华佗与五禽戏》、《世界第一部养生学》、《开养生先河的鼻祖》等。 |
| ● |
| 相关链接 |
|
|
|
|
正题名:力与美融合的体育人生
索取号:G803-49/2027
 
预约/预借
| 序号 | 登录号 | 条形码 | 馆藏地/架位号 | 状态 | 备注 |
| 1 | 1366425 | 213664257 | 第一样本阅览室/ [索取号:G803-49/2027] | 在馆 | |
| 2 | 1366426 | 213664266 | 教育系资料室/ [索取号:G803-49/2027] | 在馆 | |
| 3 | 1366427 | 213664275 | 教育系资料室/ [索取号:G803-49/2027] | 在馆 | |
| 4 | 1366428 | 213664284 | 第四借阅区/ [索取号:G803-49/2027] | 在馆 | |
| 5 | 1366429 | 213664293 | 第四借阅区/ [索取号:G803-49/2027] | 在馆 |